Lanean...

Srumgaaraavishkaaram C V yute Novelukalil

Xehetasun bibliografikoak
Egile nagusia: Leelavathi, M
Formatua: Printed Book
Argitaratua: Kottayam, D C Books 1989
Saila:C.V Raman Pillai National foundation
Gaiak:
LEADER 006420000a22002170004500
022 |a 12-07-2004 
041 |a Malayalam 
082 |a A3 009 LEE/S M9 
100 |a Leelavathi, M 
245 |a Srumgaaraavishkaaram C V yute Novelukalil 
260 |a Kottayam, D C Books  
260 |c 1989 
465 |a R 15 
490 |a C.V Raman Pillai National foundation  |c 3 
650 |a Malayalam literature 
650 |a Novel 
650 |a Raman pillai CV 
650 |a Study 
942 |c BK 
999 |c 144100  |d 144096 
952 |0 0  |1 0  |4 0  |6 A_3_009000000000000_LEE_S_M9  |7 0  |9 142878  |a SCC  |b SCC  |d 2017-10-11  |l 0  |o A3 009 LEE/S M9  |p SCC06325  |r 2017-10-11  |w 2017-10-11  |y BK